1000 riešení
Guardado en:
| Formato: | Seriadas |
|---|---|
| Lenguaje: | eslovaco |
| Publicado: |
Žilina
Poradca
2000
|
| Materias: | |
| Etiquetas: |
Sin Etiquetas, Sea el primero en etiquetar este registro!
|
MARC
| LEADER | 00000nas2a2200000 4500 | ||
|---|---|---|---|
| 001 | s124894 | ||
| 005 | 20180110141254.3 | ||
| 022 | |a 1335-4159 | ||
| 041 | 0 | |a slo | |
| 044 | |a SK | ||
| 245 | 1 | 0 | |a 1000 riešení |
| 264 | 1 | |a Žilina |b Poradca |c 2000 | |
| 300 | |a 2 zv. | ||
| 773 | 0 | |w eu_un_cat*s121885 | |
| 610 | 2 | 0 | |a hospodárenie finančné |
| 610 | 2 | 0 | |a hospodárenie podnikové |